La desalación y su situación en España / (Record no. 109537)

MARC details
000 -LEADER
campo de control de longitud fija 00637nam a2200181 4500
001 - NÚMERO DE CONTROL
campo de control 109537
003 - IDENTIFICADOR DE NÚMERO DE CONTROL
campo de control ES-MaACL
005 - FECHA Y HORA DE LA ÚLTIMA TRANSACCIÓN
campo de control 20230906184848.0
007 - CAMPO FIJO DE DESCRIPCIÓN FÍSICA--INFORMACIÓN GENERAL
campo de control de longitud fija t|
008 - DATOS DE LONGITUD FIJA--INFORMACIÓN GENERAL
campo de control de longitud fija 061121s1972 sp r ||||1| spa d
100 1# - ENTRADA PRINCIPAL--NOMBRE DE PERSONA
Nombre de persona Oltra Oltra, Francisco.
9 (RLIN) 87024
245 13 - MENCIÓN DEL TÍTULO
Título La desalación y su situación en España /
Mención de responsabilidad, etc. editores Francisco Oltra Oltra , Fernando Troyano Lobatón.
260 ## - PUBLICACIÓN, DISTRIBUCIÓN, ETC.
Lugar de publicación, distribución, etc. Madrid :
Nombre del editor, distribuidor, etc. Sección de Publicaciones de la J.E.N.,
Fecha de publicación, distribución, etc. 1972.
300 ## - DESCRIPCIÓN FÍSICA
Extensión XVI, 161 p. :
Otras características físicas il ;
Dimensiones 25 cm.
700 1# - ENTRADA AGREGADA--NOMBRE PERSONAL
Nombre de persona Troyano Lobatón, Fernando.
9 (RLIN) 111531
710 2# - ENTRADA AGREGADA--NOMBRE DE ENTIDAD CORPORATIVA
Nombre de entidad corporativa o nombre de jurisdicción como elemento de entrada Junta de Energía Nuclear (España)
9 (RLIN) 5390
852 ## - LOCALIZACIÓN
Ubicación ES-MaACL
Número de control de estantería E-7691
Sublocalización o colección R.91792
Holdings
Estatus retirado Estado de pérdida Estado de daño No para préstamo Biblioteca de origen Biblioteca actual Ubicación en estantería Fecha de adquisición Fuente de adquisición Total de préstamos Signatura topográfica completa Código de barras Visto por última vez Precio de reemplazo Tipo de ítem Koha
        Biblioteca del Ateneo de Madrid Biblioteca del Ateneo de Madrid Depósito 2 17/01/2008     E-7691 1114289 23/02/2023 23/02/2023 Libro impreso